Data mining (nejen) v bankovnictví
Pojem data mining a jeho využitie na príkladoch z bankovníctva. Vytváranie dátových skladov (data warehouse) ako veľkého zdroja informácií. "Dolovanie" v dátach ako proces odhaľovania informácií skrytých v rozsiahlych databázach s cieľom ich využitia v komerčnej praxi. Proces dolovania v dátach: Def...
Guardado en:
| Autor principal: | |
|---|---|
| Formato: | Capítulo de libro |
| Lenguaje: | checo |
| Materias: | |
| Etiquetas: |
Sin Etiquetas, Sea el primero en etiquetar este registro!
|
MARC
| LEADER | 00000naa a2200000 4500 | ||
|---|---|---|---|
| 001 | r044841 | ||
| 005 | 20230921120730.8 | ||
| 041 | 0 | |a cze | |
| 044 | |a CZ | ||
| 245 | 1 | 0 | |a Data mining (nejen) v bankovnictví |c Petr Ptáčník |
| 520 | |a Pojem data mining a jeho využitie na príkladoch z bankovníctva. Vytváranie dátových skladov (data warehouse) ako veľkého zdroja informácií. "Dolovanie" v dátach ako proces odhaľovania informácií skrytých v rozsiahlych databázach s cieľom ich využitia v komerčnej praxi. Proces dolovania v dátach: Definovanie obchodného problému. Príprava dát. Výber vhodnej data miningovej techniky. Interpretácia výsledkov. Použitie výsledkov v praxi. Deskriptívne a prediktívne techniky dolovania v dátach. | ||
| 610 | 2 | 0 | |a báza dát |
| 610 | 2 | 0 | |a zdroje informácií |
| 610 | 2 | 0 | |a technika výpočtová |
| 610 | 2 | 0 | |a získavanie informácií |
| 610 | 2 | 0 | |a analýzy |
| 610 | 2 | 0 | |a banky dát |
| 610 | 2 | 0 | |a triedenie informácií |
| 610 | 2 | 0 | |a sklad dát |
| 610 | 2 | 0 | |a dolovanie dát |
| 100 | 1 | |a Ptáčník, Petr | |